| 000 | 00454nam a22001577a 4500 | ||
|---|---|---|---|
| 003 | macl | ||
| 005 | 20240104121014.0 | ||
| 008 | 240104b |||||||| |||| 00| 0 eng d | ||
| 040 | _cmacl | ||
| 082 | _a891.433/KOH/N | ||
| 100 |
_aनरेन्द्र कोहली _942966 |
||
| 245 | _aवरूणपुत्री | ||
| 260 |
_aदिल्ली _bराजपाल _c2017 |
||
| 650 | _aउपन्यास | ||
| 942 |
_2ddc _cHIN |
||
| 999 |
_c66554 _d66554 |
||